Diagnóstico de los sistemas de distribución, cambio de premios y devolución de las loterias de la Junta de Protección Social de San José

Shranjeno v:
Bibliografske podrobnosti
Glavni avtor: Bustamante Mora, Dora María
Drugi avtorji: Obaldía Marín, Laura, Incer Arias, Rosario
Format: Knjiga
Izdano: San José, Costa Rica 1987
Teme:
Oznake: Označite
Brez oznak, prvi označite!

MARC

LEADER 00000nam a2200000Ia 4500
003 007247
005 20221231144310.0
008 140114s1987 cr a m 000 ||s d
040 |c cru CEDI 
090 |a TFG 2983 
100 |a Bustamante Mora, Dora María  |9 11393 
245 |a Diagnóstico de los sistemas de distribución, cambio de premios y devolución de las loterias de la Junta de Protección Social de San José  
260 |c 1987  |a San José, Costa Rica 
300 |a  347 páginas ; 28 cm  
500 |a  Proyecto de graduacion (bachiller en ingenieria industrial)--Universidad de Costa Rica. Facultad de Ingenieria. Escuela de Ingenieria Industrial.  
650 |x JUNTA DE PROTECCION SOCIAL DE SAN JOSE (COSTA RICA)  |x LOTERIAS - COSTA RICA  |9 11759 
700 |9 11236  |a Obaldía Marín, Laura 
700 |9 11758  |a Incer Arias, Rosario 
942 |c TFG 
999 |c 19785  |d 19785